مكتبة جامعة عجلون الوطنية

فهرس بحث المكتبة

Be Bold with Colour & Pattern (Record no. 33781)

MARC details
000 -LEADER
fixed length control field 00451nam a22001817a 4500
003 - CONTROL NUMBER IDENTIFIER
control field JO-AjAnu
005 - DATE AND TIME OF LATEST TRANSACTION
control field 20241019141007.0
008 - FIXED-LENGTH DATA ELEMENTS--GENERAL INFORMATION
fixed length control field 241019b jo ||||| |||| 00| 0 ara d
020 ## - INTERNATIONAL STANDARD BOOK NUMBER
International Standard Book Number 6-446-78879-1-978
040 ## - CATALOGING SOURCE
Transcribing agency JO-AjAnu
041 ## - LANGUAGE CODE
Language code of original ENG
100 ## - MAIN ENTRY--PERSONAL NAME
Personal name Henson, Emily
Relator term Author
9 (RLIN) 66352
245 ## - TITLE STATEMENT
Title Be Bold with Colour & Pattern
Statement of responsibility, etc. / Emily Henson
260 ## - PUBLICATION, DISTRIBUTION, ETC.
Place of publication, distribution, etc. China:
Date of publication, distribution, etc. 2022
300 ## - PHYSICAL DESCRIPTION
Extent 159 pages
650 ## - SUBJECT ADDED ENTRY--TOPICAL TERM
Form subdivision Colour
942 ## - ADDED ENTRY ELEMENTS (KOHA)
Source of classification or shelving scheme Library of Congress Classification
Koha item type Books
Suppress in OPAC No
Holdings
Withdrawn status Lost status Source of classification or shelving scheme Damaged status Not for loan Home library Current library Date acquired Total Checkouts Full call number Barcode Date last seen Price effective from Koha item type
    Library of Congress Classification     مكتبة جامعة عجلون الوطنية مكتبة جامعة عجلون الوطنية 19/10/2024   NK2180.2022 E3905 19/10/2024 19/10/2024 Books